000 00293nam a2200109Ia 4500
008 180205s9999 xx 000 0 und d
020 _a9715513338
100 _aAderson, Neil T.
245 4 _aThe bondage breaker /
260 _amandaluyong City
_bOMF literature inc
_c1990
300 _a247 pages
999 _c354810
_d354810